| 000 | 01004cam a2200313 i 4500 | ||
|---|---|---|---|
| 999 |
_c150530 _d28276 |
||
| 001 | 150530 | ||
| 003 | TR-AnTOB | ||
| 005 | 20240313101609.0 | ||
| 007 | ta | ||
| 008 | 100608m1980 tu d 000 0 eng d | ||
| 040 |
_aTR-AnTOB _beng _erda _cTR-AnTOB |
||
| 041 | 0 | _aeng | |
| 050 | _aHC492 | ||
| 090 | _aHC492 | ||
| 099 | _aTOBB QUA | ||
| 110 | 2 |
_aTürkiye Ticaret, Sanayi, Deniz Ticaret Odaları ve Ticaret Borsaları Birliği _9117931 |
|
| 245 | 1 | 0 | _aQuarterly economic report. |
| 264 | 1 |
_aAnkara : _bTOBB, _c1980- |
|
| 300 |
_avolumes : _btables ; _c20 cm |
||
| 336 |
_atext _btxt _2rdacontent |
||
| 337 |
_aunmediated _bn _2rdamedia |
||
| 338 |
_avolume _bnc _2rdacarrier |
||
| 500 | _aKütüphanede mevcut sayılar:1980.Nisan-Aralık, 1981.Temmuz-Aralık, 1982.1985-1989.Ocak-Haziran,1990.Ekim-Aralık,1990.Ocak-Haziran 1991.Ekim-Aralık, 1991.Ocak-Mat,1992. | ||
| 651 | 0 |
_aTurkey _xEconomic conditions _980629 |
|
| 901 | _aTA02050. | ||
| 902 | _aMFY. | ||
| 942 |
_2lcc _cBK |
||